000 00802nam a22002417a 4500
999 _c5746
_d5746
003 AR-CdUCM
008 190313b ||||| |||| 00| 0 spa d
040 _aMUNICIPALIDAD PROVINCIAL DEL CUSCO
_cBIBLIOTECA MUNICIPAL DEL CUSCO
082 _a985.009 /
_bM41
245 _aMariano Melgar; José Galvez B. /
_bLuis Jaime Cisneros
260 _aLima :
_bUniversitaria,
_c1965.
300 _a144 páginas ;
_c19 cm.
440 _aBiblioteca hombres del Perú
_n : XXVII
_917097
440 _aTercera serie
_92156
500 _aDonación de la familia Nieto
650 _aBiografías
_9148
650 _aMariano Melgar
_917098
650 _aJosé Galvez B.
_917099
650 _aHombres del Perú - Biografías
_92160
700 _aJaime Cisneros, Luis
_917100
942 _2ddc
_cLIBROS
945 _alccs